Stability and robustness of multivariale feedback systems

Gespeichert in:
Bibliographische Detailangaben
1. Verfasser: Safonov, Michael George
Format: Buch
Sprache:Englisch
Veröffentlicht: Cambridge Massachusetts Institute of Technology 1980
Tags: Tag hinzufügen
Keine Tags, Fügen Sie das erste Tag hinzu!

MARC

LEADER 00000nam a2200000 4500
001 c131588
005 20041019155252.7
041 0 |a eng 
044 |a US 
245 1 0 |a Stability and robustness of multivariale feedback systems  |c Michael George Safonov 
264 1 |a Cambridge  |b Massachusetts Institute of Technology  |c 1980 
300 |a 171 s. 
100 1 |a Safonov, Michael George